| 000 | 00958nam a22002897a 4500 | ||
|---|---|---|---|
| 005 | 20091014100530.0 | ||
| 006 | a|||||r|||||00| 0 | ||
| 007 | DVD | ||
| 008 | 090629t xxu||||| |||| 00| 0 eng d | ||
| 010 | _aDVD-003875 | ||
| 024 | _cRs. 700.00 Appx. for set fo 7 Discs. | ||
| 035 | _aDVD-003875 | ||
| 040 | _aDPL | ||
| 082 | _aDVD GATT | ||
| 245 |
_aGattu Tales : _cby Esther David _bOonderbhai The Wonder Mouse |
||
| 260 | _bBook Box India Pvt. Ltd. | ||
| 270 | _aC/o Orient Black Swan | ||
| 300 |
_a1 Videodisc DVD, _bsd., col. ; _c4-3/4 in. _fVCD |
||
| 306 | _a2hr 58min. | ||
| 500 | _aVCD | ||
| 538 | _aLanguage- English | ||
| 541 | _5M/s Orient Swan | ||
| 700 | _aDavid, Esther | ||
| 700 | _aScanziani, Emanuele | ||
| 942 |
_2ddc _cCF _hDVD _mGATT |
||
| 999 |
_c30933 _d30933 |
||